00476nam a2200133Ia 4500008004100000020001800041041000800059082001700067100001800084245018200102260003900284300001000323650000900333210716s2018 xx 000 0 und d a9781788831383 aeng a004.691 MODR aModi, Ritesh. aSolidity programming essentials: a beginners guide to build smart contracts for ethereum and blockchain.bA beginners guide to build smart contracts for ethereum and blockchain. aMumbaibPackt Publishing Ltdc2018 av,207 aNone